Normal view
MARC view
- الأطفال المعوقون-رعاية-تعليم
Entry Topical Term
001 - CONTROL NUMBER
- control field: 25909
003 - CONTROL NUMBER IDENTIFIER
- control field: JO-AjAnu
005 - DATE AND TIME OF LATEST TRANSACTION
- control field: 20230606074424.0
008 - FIXED-LENGTH DATA ELEMENTS
- fixed length control field: 230606|| aca||aabn | a|a d
040 ## - CATALOGING SOURCE
- Original cataloging agency: JO-AjAnu
- Transcribing agency: JO-AjAnu
150 ## - HEADING--TOPICAL TERM
- Topical term or geographic name entry element: الأطفال المعوقون-رعاية-تعليم
670 ## - SOURCE DATA FOUND
- Source citation: Work cat.: (JO-AjAnu)13319: الخطيب،جمال مؤلف/الحديدي،منى م.مشارك, author 25908, التدخل المبكر: التربية الخاصة في الطفولة المبكرة